000 00604cab a2200229 4500
001 WB3534-31
008 090401t1999 xxu||||| |||| 00| 0 eng d
035 _a(Sirsi) u175
041 _aeng
245 _aOld rule not ditched
260 _c1999
350 _a0
490 _aEstates Gazette
_v(9934) 28 August 1999, 70(1)
650 _aALAN WIBBERLEY BUILDING LTD V INSLEY
650 _aBoundary disputes
_96221
650 _aBoundary disputes
_96221
650 _aCONVEYANCING
650 _aHEDGE AND DITCH PRESUMPTION
690 _aPROPERTY LAW AND PRACTICE
942 _n0
948 _c03/09/1999
999 _c73
_d73